| 000 | 00413nam a2200145Ia 4500 | ||
|---|---|---|---|
| 008 | 230411s9999 xx 000 0 und d | ||
| 020 | _a978-93-80704-39-5 | ||
| 041 | _aeng | ||
| 082 | _aCH/610.7343/THR/B06591 | ||
| 100 |
_aThressiamma PM _9179190 |
||
| 245 | _aProcedures and Theories of Community Health Nursing | ||
| 260 |
_bJaypee Brothers _aNew Delhi _c2010 |
||
| 300 | _a282p | ||
| 999 |
_c156958 _d156958 |
||